Tập bài hát 2

Đã lưu trong:
書目詳細資料
主要作者: Hoàng, Long
其他作者: Lê, Minh Châu
格式: 圖書
語言:Undetermined
出版: H. Giáo dục 2004
主題:
在線閱讀:http://lrc.tdmu.edu.vn/opac/search/detail.asp?aID=2&ID=4420
標簽: 添加標簽
沒有標簽, 成為第一個標記此記錄!
Thư viện lưu trữ: Trung tâm Học liệu Trường Đại học Thủ Dầu Một
LEADER 00613nam a2200205Ia 4500
001 TDMU_4420
008 210410s9999 xx 000 0 und d
082 |a 782.42 
090 |b H407 
100 |a Hoàng, Long 
245 0 |a Tập bài hát 2 
245 0 |c Hoàng Long 
260 |a H. 
260 |b Giáo dục 
260 |c 2004 
300 |a 36tr 
650 |a Âm nhạc  |x Giảng dạy và học tập; Sách lớp 2 
700 |a Lê, Minh Châu 
856 |u http://lrc.tdmu.edu.vn/opac/search/detail.asp?aID=2&ID=4420 
980 |a Trung tâm Học liệu Trường Đại học Thủ Dầu Một